| Tag |
First Indicator |
Second Indicator |
Subfields |
| LEADER |
00000cam a2200000 a 4500 |
| 001 |
in00000036156 |
| 005 |
20151007055401.0 |
| 008 |
880711s1988 nyua b 10010 eng d |
| 010 |
|
|
|a 88071019
|
| 035 |
|
|
|a (OCoLC)18197256
|
| 035 |
|
|
|9 AAB8095AM
|
| 040 |
|
|
|a TXA
|c TXA
|d TXH
|d TXA
|d UtOrBLW
|
| 049 |
|
|
|a TXAM
|c [A10990717]
|
| 050 |
|
4 |
|a QC168.85.S45
|b A74 1988
|
| 111 |
2 |
|
|a Pressure Vessels and Piping Conference
|d (1988 :
|c Pittsburgh, Pa.)
|
| 245 |
1 |
0 |
|a Shock and wave propagation :
|b presented at the 1988 ASME Pressure Vessels and Piping Conference, Pittsburgh, Pennsylvania, June 19-23, 1988 /
|c sponsored by the Technical Subcommittee on Fluid-Structure Interactions, The Pressure Vessels and Piping Division, ASME ; edited by Y.S. Shin and K.S. Kim.
|
| 264 |
|
1 |
|a New York :
|b The American Society of Mechanical Engineers,
|c [1988]
|
| 264 |
|
4 |
|c ©1988
|
| 300 |
|
|
|a v, 67 pages :
|b illustrations ;
|c 28 cm.
|
| 336 |
|
|
|a text
|b txt
|2 rdacontent
|
| 337 |
|
|
|a unmediated
|b n
|2 rdamedia
|
| 338 |
|
|
|a volume
|b nc
|2 rdacarrier
|
| 490 |
1 |
|
|a PVP ;
|v vol. 134
|
| 504 |
|
|
|a Includes bibliographical references.
|
| 650 |
|
0 |
|a Shock waves
|v Congresses.
|
| 700 |
1 |
|
|a Shin, Y. S.
|
| 700 |
1 |
|
|a Kim, Kwang Soo,
|d 1943-
|
| 710 |
2 |
|
|a American Society of Mechanical Engineers.
|b Technical Subcommittee on Fluid-Structure Interactions.
|
| 830 |
|
0 |
|a PVP (Series) ;
|v vol. 134.
|
| 999 |
|
|
|a MARS
|
| 999 |
f |
f |
|s cf70131a-eae3-3cb9-96a4-cb95c6477546
|i 72522d9d-75ae-386d-aeb4-814527a992c3
|t 0
|
| 952 |
f |
f |
|p normal
|a Texas A&M University
|b College Station
|c Sterling C. Evans Library
|d Evans: Library Stacks
|t 0
|e QC168.85.S45 A74 1988
|h Library of Congress classification
|i unmediated -- volume
|m A14810990717
|
| 998 |
f |
f |
|a QC168.85.S45 A74 1988
|t 0
|l Evans: Library Stacks
|